| 000 | 00484nam a2200181 i 4500 | ||
|---|---|---|---|
| 001 | 66021 | ||
| 003 | ES-MaACL | ||
| 005 | 20240229184431.0 | ||
| 007 | t| | ||
| 008 | 040126s1978 xxkaf |||| |beng d | ||
| 100 | 1 |
_aFurse, John. _953052 |
|
| 245 | 1 | 0 |
_aMichelangelo and his art / _cJohn Furse. |
| 260 |
_aLondon : _bHamlyn, _c[1978] |
||
| 300 |
_a128 p., 15 lám. ; _c35 cm. |
||
| 600 | 0 | 4 |
_aMichelangelo, _d1475-1564 _980912 |
| 852 |
_aES-MaACL _jA-8374 |
||
| 999 |
_c66021 _d66021 |
||